Statistics for Biggest city, Second biggest city and Capital city of every Country 243 to 247 Quiz

Click here to take the quiz!

General Stats

  • This quiz has been taken 26 times
  • The average score is 3 of 12

Answer Stats

Country_____ CityCity% Correct
Northern CyprusBiggestNorth {Nicosia}
100%
TransnistriaBiggestTiraspol'
59%
SomalilandBiggestHargeisa
55%
AbkhaziaBiggestSukhumi
41%
Nagorno-KarabakhBiggestStepanakert
36%
South OssetiaBiggestTskhinvali
27%
Northern CyprusSecondFamagusta
14%
AbkhaziaSecondGagra
5%
South OssetiaSecondJava
5%
Nagorno-KarabakhSecondMartuni
0%
SomalilandSecondBerbera
0%
TransnistriaSecondTighina
0%

Score Distribution

Percentile by Number Answered

Percent of People with Each Score

Your Score History

You have not taken this quiz